Historias de Grecia e Italia desde los tiempos más remotos hasta 1840 / (Record no. 53238)
[ view plain ]
| 000 -LEADER | |
|---|---|
| campo de control de longitud fija | 01302nam a22002895i 4500 |
| 001 - NÚMERO DE CONTROL | |
| campo de control | 53238 |
| 003 - IDENTIFICADOR DE NÚMERO DE CONTROL | |
| campo de control | ES-MaACL |
| 005 - FECHA Y HORA DE LA ÚLTIMA TRANSACCIÓN | |
| campo de control | 20230906162730.0 |
| 007 - CAMPO FIJO DE DESCRIPCIÓN FÍSICA--INFORMACIÓN GENERAL | |
| campo de control de longitud fija | t| |
| 008 - DATOS DE LONGITUD FIJA--INFORMACIÓN GENERAL | |
| campo de control de longitud fija | 950911s1844 sp ||||1| spa d |
| 080 ## - NÚMERO DE LA CLASIFICACIÓN DECIMAL UNIVERSAL | |
| Número de la Clasificación Decimal Universal | 94(495) |
| 080 ## - NÚMERO DE LA CLASIFICACIÓN DECIMAL UNIVERSAL | |
| Número de la Clasificación Decimal Universal | 94(450) |
| 100 1# - ENTRADA PRINCIPAL--NOMBRE DE PERSONA | |
| Nombre de persona | Duponchel, Augustin-Amédée. |
| 9 (RLIN) | 149956 |
| 245 10 - MENCIÓN DEL TÍTULO | |
| Título | Historias de Grecia e Italia desde los tiempos más remotos hasta 1840 / |
| Mención de responsabilidad, etc. | por A.A. Duponchel ; adornadas con 33 láminas grabadas en acero que representan trages [sic], armas, muebles y monumentos... y embellecidas con un escelente [sic] atlas geográfico-histórico, compuesto de nueve mapas iluminados... dirigido por A. Houzé ; traducidas por Juan Cortada. |
| 260 ## - PUBLICACIÓN, DISTRIBUCIÓN, ETC. | |
| Lugar de publicación, distribución, etc. | Barcelona : |
| Nombre del editor, distribuidor, etc. | [s.n.], |
| Fecha de publicación, distribución, etc. | 1844 ( |
| Fabricante | Imp. de A. Brusí) |
| 300 ## - DESCRIPCIÓN FÍSICA | |
| Extensión | 2 v. : |
| Otras características físicas | lám. ; |
| Dimensiones | 22 cm. |
| 490 1# - MENCIÓN DE SERIE | |
| Mención de serie | El mundo: historia de todos los pueblos ; |
| Designación de volumen o secuencia | 12-13 |
| 530 ## - NOTA DISPONIBLE DE FORMULARIO FÍSICO ADICIONAL | |
| Nota de formato físico adicional disponible | Disponible en formato digital. |
| 651 #4 - PUNTO DE ACCESO ADICIONAL DE MATERIA--NOMBRE GEOGRÁFICO | |
| Nombre geográfico | Grecia- |
| Subdivisión general | Historia. |
| 9 (RLIN) | 8777 |
| 651 #4 - PUNTO DE ACCESO ADICIONAL DE MATERIA--NOMBRE GEOGRÁFICO | |
| Nombre geográfico | Italia- |
| Subdivisión general | Historia. |
| 9 (RLIN) | 8866 |
| 700 1# - ENTRADA AGREGADA--NOMBRE PERSONAL | |
| Nombre de persona | Houzé, A. |
| 9 (RLIN) | 64368 |
| 700 1# - ENTRADA AGREGADA--NOMBRE PERSONAL | |
| Nombre de persona | Cortada, Juan ( |
| Fechas asociadas al nombre | 1805-1868) |
| 9 (RLIN) | 149955 |
| 830 1# - PUNTO DE ACCESO ADICIONAL DE SERIE-TÍTULO UNIFORME | |
| Título uniforme | El mundo: historia de todos los pueblos ; |
| Designación de volumen o secuencia | 12-13 |
| 9 (RLIN) | 182426 |
| 852 4# - LOCALIZACIÓN | |
| Ubicación | ES-MaACL |
| Número de control de estantería | D-4094-95 |
| 856 4# - LOCALIZACIÓN Y ACCESO ELECTRÓNICOS | |
| Identificador Uniforme de Recursos | <a href="http://bdh-rd.bne.es/viewer.vm?id=0000005060&page=1 ">http://bdh-rd.bne.es/viewer.vm?id=0000005060&page=1 </a> |
| Nota pública | Biblioteca Digital Hispánica |
| Estatus retirado | Estado de pérdida | Estado de daño | No para préstamo | Colección | Biblioteca de origen | Biblioteca actual | Ubicación en estantería | Fecha de adquisición | Fuente de adquisición | Total de préstamos | Signatura topográfica completa | Código de barras | Visto por última vez | Precio de reemplazo | Tipo de ítem Koha |
|---|---|---|---|---|---|---|---|---|---|---|---|---|---|---|---|
| Colección digital | Biblioteca del Ateneo de Madrid | Biblioteca del Ateneo de Madrid | Sala Valle Inclán | 17/01/2008 | D-4094-5 | 901055938 | 23/02/2023 | 23/02/2023 | Libro impreso antiguo |
